000 00264nam a2200097Ia 4500
005 20251222114350.0
008 251222s1900||||xx |||||||||||||| ||spa||
082 _aDVD0092/S25M/2000
245 0 _aEl pastor de Chachapoyas: MonseƱor Octavio Ortiz Arrieta:
942 _cDVD
999 _c1195
_d1195